Open Data Biblioteca Nacional de Portugal


República Portuguesa: Ministério da Cultura
Biblioteca Nacional de Portugal

Catálogo da BNP: acesso por Identificadores Unívocos
Registos Bibliográficos associados ao registo de autoridade

Etiqueta de registo: 00000nkm 2200025 450
001 2271825
003 http://id.bnportugal.gov.pt/bib/catbnp/2271825
100 ## $a20260225d1982 m y0pory01030103ba
101 0# $apor
102 ## $aPT
200 1# $aII Salão Nacional de Artesanato, Casino Estoril, 26 de novembro a 5 de dezembro 1982$bVisual gráfico]$fCasino Estoril
210 #9 $aEstoril$cCasino Estoril,$d1982
215 ## $a1 cartaz$ccolor.$d48x34 cm
317 ## $aColeção Madeira Luís
710 02 $aSalão Nacional de Artesanato,$d2,$eEstoril,$f1982$31987427
712 02 $aCasino Estoril.$bGaleria de Arte$4557$34262
801 #0 $aPT$bBN$gRPC
966 ## $lBN$mICONOG$sCT. 14786 V.$x3
971 ## $cCaticonografia7$d20260225
972 ## $d20260309 $e0$vfpinelo$z0
995 ## $aPRR2026 $d20260225$iCaticonografia7

OpendataBNP@bnportugal.pt | Mais informação sobre acesso aos dados BNP